Kansas City Chiefs starting offense - Statistics

General Stats
  • This quiz has been taken 49 times
    10 since last reset
  • The average score is 9 of 12
Answer Stats
Hint Answer % Correct
WR3 Hollywood Brown
100%
RB Isiah Pacheco
100%
QB Patrick Mahomes
100%
WR1 Rashee Rice
100%
TE Travis Kelce
100%
WR2 Xavier Worthy
100%
RG Trey Smith
88%
C Creed Humphrey
75%
RT Jawaan Taylor
63%
LT Jaylon Moore
38%
LG Kingsley Suamataia
38%
FB Carson Steele
0%
No matching quizzes found
Score Distribution
Percent of People with Each Score
Percentile by Number Answered
Your Score History
You have not taken this quiz since the last reset